| 000 | 00618nam a22002173a 4500 | ||
|---|---|---|---|
| 005 | 20220530124656.0 | ||
| 008 | 011002s2000 mx fr 000 0 spa d | ||
| 020 | _a9701842057 | ||
| 035 | _aUPN01000112440 | ||
| 049 | _aCG | ||
| 050 | 4 |
_aQH442 _bL6.2 |
|
| 100 | 1 | _aLópez-Munguía Canales, Agustín | |
| 245 | 1 | 3 |
_aLa biotecnología / _cAgustín López-Munguía Canales. |
| 260 |
_aMéxico : _bCNCA, _c2000. |
||
| 300 |
_a63 p. : _bil. |
||
| 440 | 0 | _aTercer milenio | |
| 650 | 2 |
_aIngeniería genética _914205 |
|
| 650 | 4 |
_aGENETICA - _xINVESTIGACION |
|
| 650 | 4 |
_aINVESTIGACION BIOLOGICA _94538 |
|
| 905 | _aLibro | ||
| 999 |
_c86348 _d86348 |
||